[Event "Kalamazoo op07"]
[Site "Kalamazoo"]
[Date "2000.07.29"]
[Round "3"]
[White "Maldonado, Florentino"]
[Black "Post, Robert"]
[Result "1-0"]
[WhiteElo "1245"]
[BlackElo "1631"]
[PlyCount "37"]
[EventDate "2000.07.29"]
[EventType "swiss"]
[EventRounds "5"]
[EventCountry "USA"]
[SourceTitle "EXT 2007"]
[Source "ChessBase"]
[SourceDate "2006.11.23"]
[SourceVersion "1"]
[SourceVersionDate "2006.11.23"]
[SourceQuality "1"]

1. e4 g6 2. Bc4 Bg7 3. d4 d6 4. Nf3 Nf6 5. Nc3 Nbd7 6. e5 Ng4 7. Bxf7+ Kf8 8. Ng5 Ndxe5 9. dxe5 Nxe5 10. Ne6+ Bxe6 11. Bxe6 c5 12. Qd5 Qb6 13. f4 Nc6 14. Bf7 Nd4 15. 0-0 Nxc2 16. Qe6 Bxc3 17. bxc3 Nxa1 18. f5 h5 19. Bxg6 1-0

[Event "Kalamazoo op01"]
[Site "Kalamazoo"]
[Date "2000.01.22"]
[Round "1"]
[White "Post, Robert"]
[Black "Evans, Thomas Sr"]
[Result "0-1"]
[WhiteElo "1623"]
[BlackElo "1873"]
[PlyCount "106"]
[EventDate "2000.01.22"]
[EventType "swiss"]
[EventRounds "3"]
[EventCountry "USA"]
[SourceTitle "EXT 2007"]
[Source "ChessBase"]
[SourceDate "2006.11.23"]
[SourceVersion "1"]
[SourceVersionDate "2006.11.23"]
[SourceQuality "1"]

1. d4 e6 2. e4 Bb4+ 3. c3 Be7 4. Nf3 Nf6 5. Bd3 b6 6. e5 Nd5 7. 0-0 f5 8. exf6 Nxf6 9. Bg5 Bb7 10. Nbd2 0-0 11. Qc2 h6 12. Bxf6 Bxf6 13. Be4 d5 14. Bh7+ Kh8 15. Rae1 Qd7 16. Ne5 Bxe5 17. Rxe5 Nc6 18. Re3 Rf6 19. Nf3 Raf8 20. Ne5 Nxe5 21. dxe5 Rf4 22. Bd3 c5 23. Rg3 d4 24. f3 Qc7 25. cxd4 Rxd4 26. Re1 Rfd8 27. Bc4 Qd7 28. Rg6 Bd5 29. Bxd5 Qxd5 30. Qc1 Rd1 31. Rxd1 Qxd1+ 32. Qxd1 Rxd1+ 33. Kf2 Rd2+ 34. Ke3 Rxb2 35. Rxe6 Kg8 36. Rd6 Rxa2 37. e6 Kf8 38. Rd7 Rxg2 39. Rxa7 Rg6 40. e7+ Ke8 41. Rb7 Rc6 42. Kd3 c4+ 43. Kc3 b5 44. f4 Rc5 45. h4 Rf5 46. Rb8+ Kxe7 47. Rb7+ Kf6 48. Rb6+ Kf7 49. Rb7+ Kg6 50. Rb6+ Kh5 51. Rb7 Kxh4 52. Rxg7 Rxf4 53. Rb7 Rf3+ 0-1

[Event "Kalamazoo op09"]
[Site "Kalamazoo"]
[Date "1999.09.18"]
[Round "1"]
[White "Post, Robert"]
[Black "Evans, Thomas Sr"]
[Result "1-0"]
[WhiteElo "1599"]
[BlackElo "1863"]
[PlyCount "90"]
[EventDate "1999.09.18"]
[EventType "swiss"]
[EventRounds "3"]
[EventCountry "USA"]
[SourceTitle "EXT 2007"]
[Source "ChessBase"]
[SourceDate "2006.11.23"]
[SourceVersion "1"]
[SourceVersionDate "2006.11.23"]
[SourceQuality "1"]

1. d4 Nf6 2. Bg5 Ne4 3. Bf4 e6 4. f3 Bd6 5. Bxd6 Nxd6 6. e4 0-0 7. Nh3 Qh4+ 8. Nf2 Nc6 9. Nc3 a6 10. Qd2 b5 11. a3 Bb7 12. g3 Qh5 13. Be2 Na5 14. b3 Nc6 15. f4 Qg6 16. d5 Ne7 17. 0-0-0 f5 18. e5 Ne4 19. Nfxe4 fxe4 20. d6 cxd6 21. Qxd6 Nd5 22. Nxd5 Bxd5 23. Rhf1 Qe8 24. Kb2 Bc6 25. h4 Qd8 26. Qc5 Rc8 27. Rd6 Qa5 28. Qe3 b4 29. a4 Rc7 30. g4 Rfc8 31. Rc1 Rb7 32. Qd4 Ra8 33. f5 Bd5 34. c4 bxc3+ 35. Rxc3 Rab8 36. Bd1 Rb4 37. Qa7 Qxa4 38. Qxb8+ Rxb8 39. Rc8+ Rxc8 40. bxa4 Rb8+ 41. Kc1 Rc8+ 42. Kd2 Rc7 43. Rxa6 exf5 44. gxf5 Kf7 45. Bh5+ Ke7 1-0